Años y leguas /
Guardado en:
| Autor Principal: | |
|---|---|
| Formato: | Libro |
| Publicado: |
Navarra :
Salvat,
1971
|
| Series: | Biblioteca Básica Salvat; No. 44
|
| Materias: | |
| Etiquetas: |
Agregar Etiqueta
Sin Etiquetas, Sea el primero en etiquetar este registro!
|
| LEADER | 00612nam a22002055a 4500 | ||
|---|---|---|---|
| 001 | CEM.cems004437 | ||
| 008 | 130507s1971##################000#0#####d | ||
| 005 | 20210907184901.0 | ||
| 003 | CEMS | ||
| 245 | 1 | 0 | |a Años y leguas / |c Gabriel Miró. |
| 260 | |a Navarra : |b Salvat, |c 1971 | ||
| 300 | |a 186 p. | ||
| 490 | 0 | |a Biblioteca Básica Salvat; No. 44 | |
| 100 | 1 | |a Miró, Gabriel | |
| 082 | 0 | 4 | |a 863.6 |
| 653 | |a Cuento español-siglo 20 | ||
| 653 | |a Cuentos | ||
| 653 | |a Literatura | ||
| 859 | |a CEMS |b BIB. CEMS - 11 de abril |h 863.6 |i M678-3 |p 8448.80 |t Ej.1 | ||
| 859 | |a CEMS |b BIB. CEMS - Agricultura |h 863.6 |i M678/ |p A0341.01 |t Ej.1 | ||
